|
|
|
|
| LEADER |
00000nam a2200000 a 4500 |
| 001 |
vtls001183379 |
| 003 |
SK-MaSNL |
| 005 |
20260409091845.0 |
| 008 |
240315s1994 PL a r pol |
| 015 |
|
|
|a SNBZSA1996-00021
|
| 020 |
|
|
|a 8370730485
|
| 035 |
|
|
|a SNK000126432
|
| 035 |
|
|
|a urn:nbn:sk:snk-amlk76
|
| 035 |
|
|
|a urn:nbn:sk:snk-am00bmtd
|
| 035 |
|
|
|a D7ACE96B-3AA2-48A7-84B6-228F2BA9960D
|
| 040 |
|
|
|a SNK
|b slo
|c SNK
|e AACR2
|
| 041 |
0 |
|
|a pol
|
| 044 |
|
|
|a PL
|
| 080 |
|
|
|a 582.47(035)=84
|2 1981
|
| 100 |
1 |
|
|a Vreštiak, Pavol,
|d 1942-
|4 aut
|9 27360
|
| 240 |
1 |
0 |
|a Všetko o ihličnanoch
|l Poľsky
|
| 245 |
1 |
|
|a Leksykon iglaków
|c Pavol Vreštiak, [zdjecia] Zdeněk Osvald, [Jozef Drienovský] ; tlumaczenie z jęz. słovackiego Malgorzata Garbarczyk
|
| 260 |
|
|
|a Warszawa
|b Multico
|c 1994
|
| 300 |
|
|
|a 96 s.
|b fotogr., tab.
|c 28 cm
|
| 500 |
|
|
|a Fareb. fotogr. na front.
|
| 500 |
|
|
|a Údaj o aut. Jozefovi Drienovskom prevzatý z rubu tit. strany
|
| 504 |
|
|
|a Reg.
|
| 650 |
0 |
7 |
|a ihličnany
|2 SNKPH
|9 70260
|
| 700 |
1 |
|
|a Osvald, Zdeněk
|4 pht
|9 277797
|
| 700 |
1 |
|
|a Drienovský, Jozef
|4 pht
|9 283056
|
| 700 |
1 |
|
|a Garbarczyk, Małgorzata
|4 trl
|9 283057
|
| 919 |
|
|
|a 83-7073-048-5
|
| 958 |
|
|
|a OND
|
| 958 |
|
|
|a APR
|
| 958 |
|
|
|a ZS
|
| 958 |
|
|
|a TL
|
| 958 |
|
|
|a OP
|
| 958 |
|
|
|a PL
|
| 999 |
|
|
|c 537947
|d 539877
|
| 952 |
|
|
|t P60, <03>, [BOOK], {603}
|a SNK
|b SNK
|y PREZ
|7 0
|p 17A0002107
|o snkSB 55216
|i snkV 584/96
|0 0
|1 0
|4 0
|d 1996-04-02
|f 1
|l 0
|r 2025-03-28 00:00:00
|w 2026-02-23
|